[Event "Buenos Aires Duchamp Boca op 3rd"]
[Site "Buenos Aires"]
[Date "2013.06.26"]
[Round "6"]
[White "Pernas, Agustin Baltazar"]
[Black "Gomez Camacho, Lilen"]
[Result "1-0"]
[WhiteElo "1888"]
[BlackElo "1526"]
[PlyCount "67"]
[EventDate "2013.06.20"]
[EventType "swiss"]
[EventRounds "9"]
[EventCountry "ARG"]
[SourceTitle "CBM 155 Extra"]
[Source "ChessBase"]
[SourceDate "2013.08.26"]
[SourceVersion "1"]
[SourceVersionDate "2013.08.26"]
[SourceQuality "1"]

1. e4 e5 2. Nf3 Nc6 3. Bc4 Nf6 4. d3 Be7 5. 0-0 0-0 6. Bb3 d6 7. c3 Na5 8. Bc2 c5 9. Nbd2 Qc7 10. Re1 b5 11. Nf1 h6 12. h3 Re8 13. N3h2 Bf8 14. f4 exf4 15. Bxf4 Qb6 16. Kh1 Bb7 17. Ng4 Re6 18. Nfe3 Rae8 19. Rf1 Nxg4 20. Nxg4 d5 21. e5 d4 22. Qe1 Nc6 23. Bb3 R6e7 24. Qg3 Kh7 25. Rae1 Nd8 26. Bxh6 Ne6 27. Bd2 c4 28. dxc4 bxc4 29. Bxc4 Qxb2 30. Bd3+ g6 31. Nf6+ Kg7 32. Bh6+ Kh8 33. Bc1 Bxg2+ 34. Kg1 1-0

[Event "Buenos Aires Duchamp Memorial op 4th"]
[Site "Buenos Aires"]
[Date "2012.10.27"]
[Round "5"]
[White "Gomez Camacho, Lilen"]
[Black "Di Diego, Osvaldo"]
[Result "0-1"]
[WhiteElo "1542"]
[BlackElo "1885"]
[PlyCount "78"]
[EventDate "2012.10.22"]
[EventType "swiss"]
[EventRounds "9"]
[EventCountry "ARG"]
[SourceTitle "EXT 2013"]
[Source "ChessBase"]
[SourceDate "2012.11.22"]
[SourceVersion "1"]
[SourceVersionDate "2012.11.22"]
[SourceQuality "1"]

1. d4 d5 2. Nf3 c6 3. c4 e6 4. Qc2 f5 5. g3 Nf6 6. Bg2 Bd6 7. 0-0 Qe7 8. Nbd2 0-0 9. Ne1 Nbd7 10. Ndf3 Ne4 11. Nd3 Kh8 12. Bf4 Bxf4 13. Nxf4 e5 14. dxe5 dxc4 15. Qxc4 Nxe5 16. Qc2 Ng6 17. Nxg6+ hxg6 18. Nh4 Kh7 19. Rad1 g5 20. Nf3 Be6 21. a3 Bd5 22. Nd2 Rae8 23. Nxe4 Bxe4 24. Bxe4 Qxe4 25. Qxe4 Rxe4 26. Rd7 b5 27. e3 f4 28. exf4 gxf4 29. Rxa7 Re2 30. b4 fxg3 31. hxg3 Rf3 32. Rc1 Rfxf2 33. Rxc6 Rg2+ 34. Kf1 Ref2+ 35. Ke1 Ra2 36. Kf1 Rxg3 37. Rb7 Rf3+ 38. Ke1 Rh3 39. Rf7 Rh1+ 0-1

[Event "Buenos Aires Duchamp Memorial op 4th"]
[Site "Buenos Aires"]
[Date "2012.10.25"]
[Round "4"]
[White "Gomez Camacho, Lilen"]
[Black "Martyniuk, Carolina Milka"]
[Result "0-1"]
[WhiteElo "1542"]
[BlackElo "1946"]
[PlyCount "75"]
[EventDate "2012.10.22"]
[EventType "swiss"]
[EventRounds "9"]
[EventCountry "ARG"]
[SourceTitle "EXT 2013"]
[Source "ChessBase"]
[SourceDate "2012.11.22"]
[SourceVersion "1"]
[SourceVersionDate "2012.11.22"]
[SourceQuality "1"]

1. d4 Nf6 2. Nf3 g6 3. c4 Bg7 4. g3 d6 5. Bg2 0-0 6. Nc3 Nbd7 7. 0-0 e5 8. e4 exd4 9. Nxd4 Re8 10. h3 Nc5 11. Re1 c6 12. Bf4 Nh5 13. Be3 Nf6 14. Bf4 Qb6 15. Qd2 Ne6 16. Nxe6 Bxe6 17. b3 d5 18. exd5 cxd5 19. cxd5 Red8 20. Rac1 Qb4 21. Red1 Rac8 22. g4 Nxg4 23. hxg4 Bxc3 24. Qe3 Bxg4 25. Rd3 Bf6 26. d6 Rxc1+ 27. Qxc1 Bf5 28. Rd1 Bg5 29. Re1 h5 30. Qe3 a5 31. Bd5 Bd7 32. Qc1 Rc8 33. Qd2 Qb5 34. Re4 Bf5 35. Rc4 Rd8 36. Rc7 Rd7 37. Qe3 Rxc7 38. Qe8+ 0-1

[Event "Buenos Aires Duchamp Memorial op 4th"]
[Site "Buenos Aires"]
[Date "2012.10.24"]
[Round "3"]
[White "Avila, Lucas"]
[Black "Gomez Camacho, Lilen"]
[Result "1-0"]
[WhiteElo "2179"]
[BlackElo "1542"]
[PlyCount "97"]
[EventDate "2012.10.22"]
[EventType "swiss"]
[EventRounds "9"]
[EventCountry "ARG"]
[SourceTitle "EXT 2013"]
[Source "ChessBase"]
[SourceDate "2012.11.22"]
[SourceVersion "1"]
[SourceVersionDate "2012.11.22"]
[SourceQuality "1"]

1. e4 e5 2. Nf3 Nc6 3. Bb5 f5 4. d4 fxe4 5. Bxc6 dxc6 6. Nxe5 Nf6 7. 0-0 Bd6 8. Bf4 0-0 9. Bg3 Qe8 10. Nd2 c5 11. Ndc4 Be7 12. d5 Bf5 13. Ne3 Nh5 14. Nxf5 Rxf5 15. Nc4 Nxg3 16. fxg3 Qd7 17. Ne3 Rxf1+ 18. Nxf1 Bg5 19. c4 e3 20. Qd3 Re8 21. Re1 Qe7 22. h4 e2 23. hxg5 exf1Q+ 24. Rxf1 Qxg5 25. Qf3 Qe3+ 26. Qxe3 Rxe3 27. Rf3 Re2 28. Rb3 b6 29. Ra3 a5 30. Rb3 Rd2 31. a4 Kf7 32. Rf3+ Ke7 33. b3 Rb2 34. Kh2 Re2 35. g4 Re4 36. Kh3 Re1 37. g5 Kd6 38. Rf7 Re7 39. Rxe7 Kxe7 40. Kg4 g6 41. Kf4 Kf7 42. Ke5 Ke7 43. g3 Kf7 44. d6 cxd6+ 45. Kxd6 Kg7 46. Kc6 h6 47. Kxb6 hxg5 48. Kxa5 Kf6 49. Kb5 1-0